000 00414nam a2200181Ia 4500
003 0100
008 130303s9999 xx 000 0 und d
040 _cARRUPELIB
050 _aBD175.M3
100 _aMannheim, Karl
245 _aEssays on the sociology of knowledge
260 _aLondon
260 _bRoutledge & Kegan Paul
260 _C1952
300 _a327p.
300 _b 23 cm
942 _2lcc
_02
999 _c63078
_d63078